000
00305nam a2200133Ia 4500
008
150301s2015 xx 000 0 und d
082
_a
615.4
_b
E12B
100
_a
D.K BASU
245
_a
ESSENTIALS OF PHARMACOLOGY
260
_b
CBS- DELHI
300
_a
168
650
_a
PHARMACOLOGY
942
_2
ddc
_c
BK
_0
1
999
_c
7073
_d
7073